000 00459nam a2200181Ia 4500
001 66225
008 150404s9999 xx 000 0 und d
020 _a1859846947
040 _cPK-LaUMT
082 _a 956.042
_bKAR-S
100 _aKarmi, Ghada
245 _aIn Search of Fatima
_ba Palestinian story
_cKarmi, Ghada
260 _aLondon,UK:
_bVerso,
_c2002
300 _a451 p.
546 _aEN
650 _aPhysicians-Palestine-Biography
942 _cBK
999 _c69560
_d69560